书目信息 |
| 题名: |
生命发展的辩证法
|
|
| 作者: | 方宗熙 , 江乃萼 著 | |
| 分册: | ||
| 出版信息: | 北京 人民出版社 1976 |
|
| 页数: | 230页 | |
| 开本: | 19cm | |
| 丛书名: | ||
| 单 册: | ||
| 中图分类: | Q10 , B024 | |
| 科图分类: | ||
| 主题词: | 辩证唯物主义 | |
| 电子资源: | ||
| ISBN: | ||
| 000 | 00645nam0 2200241 450 | |
| 001 | 1540768024 | |
| 005 | 20150121111954.25 | |
| 010 | @dCNY0.46 | |
| 091 | @a2001.160@d¥0.46 | |
| 100 | @a19951031d1976 emky0chiy0110 ea | |
| 101 | 0 | @achi |
| 102 | @aCN@b110000 | |
| 105 | @ay z 000yy | |
| 200 | 1 | @a生命发展的辩证法@9sheng ming fa zhan de bian zheng fa@f方宗熙,江乃萼著 |
| 210 | @a北京@c人民出版社@d1976 | |
| 215 | @a230页@d19cm | |
| 606 | 0 | @a辩证唯物主义 |
| 690 | @aQ10@v5 | |
| 690 | @aB024@v4 | |
| 701 | 0 | @a方宗熙@9fang zong xi@4著 |
| 701 | 0 | @a江乃萼@9jiang nai e@4著 |
| 801 | 0 | @aCN@bTSSF@c20150121 |
| 905 | @aZUCC@dB024@eJY29 | |
| 生命发展的辩证法/方宗熙,江乃萼著.-北京:人民出版社,1976 |
| 230页;19cm |
| ISBN :CNY0.46 |
| ● |
| 相关链接 |
|
|
|
|
正题名:生命发展的辩证法
索取号:B024/JY29
 
预约/预借
| 序号 | 登录号 | 条形码 | 馆藏地/架位号 | 状态 | 备注 |
| 1 | 7857066 | 278570663 | 学院路分馆/ [索取号:B024/JY29] | 在馆 |